[Event "Goodricke op 11th"]
[Site "Kolkata"]
[Date "2000.02.12"]
[Round "7"]
[White "Chandanani, Girish"]
[Black "Roktim, Bandyopadhyay"]
[Result "1-0"]
[WhiteElo "2153"]
[BlackElo "2293"]
[PlyCount "72"]
[EventDate "2000.02.05"]
[EventType "swiss"]
[EventRounds "11"]
[EventCountry "IND"]
[SourceTitle "CBM 074 Extra"]
[Source "ChessBase"]
[SourceDate "2000.03.10"]
[SourceVersion "2"]
[SourceVersionDate "2000.03.10"]
[SourceQuality "1"]

1. e4 g6 2. d4 Bg7 3. Nc3 d6 4. Be3 a6 5. Qd2 b5 6. Bd3 Bb7 7. Nf3 Nd7 8. a4 b4 9. Ne2 Rb8 10. Ng3 c5 11. c3 bxc3 12. bxc3 Qa5 13. 0-0 Ngf6 14. Rfe1 Ng4 15. Bg5 h6 16. Bf4 e5 17. dxe5 dxe5 18. Be3 0-0 19. h3 Nxe3 20. Qxe3 c4 21. Bxc4 Nc5 22. Nd2 Qc7 23. a5 Kh8 24. Reb1 f5 25. Qe2 Rbd8 26. Rb6 f4 27. Ngf1 Rf6 28. Rab1 Rdd6 29. Ba2 Bc8 30. Rb8 Kh7 31. Bd5 Rxd5 32. exd5 Bf5 33. R1b6 Bd3 34. Qg4 Bf5 35. Qe2 Nd7 36. R8b7 Qd8 1-0

[Event "Goodricke op 11th"]
[Site "Kolkata"]
[Date "2000.02.07"]
[Round "2"]
[White "Tiwari, Arjun"]
[Black "Chandanani, Girish"]
[Result "0-1"]
[WhiteElo "2318"]
[BlackElo "2153"]
[PlyCount "142"]
[EventDate "2000.02.05"]
[EventType "swiss"]
[EventRounds "11"]
[EventCountry "IND"]
[SourceTitle "CBM 074 Extra"]
[Source "ChessBase"]
[SourceDate "2000.03.10"]
[SourceVersion "2"]
[SourceVersionDate "2000.03.10"]
[SourceQuality "1"]

1. e4 c5 2. Nc3 Nc6 3. f4 g6 4. Nf3 Bg7 5. Bc4 e6 6. d3 Nge7 7. 0-0 0-0 8. Qe1 d5 9. Bb3 Nd4 10. Qh4 h6 11. g4 Nec6 12. Qxd8 Rxd8 13. exd5 Nxb3 14. axb3 exd5 15. h3 Nb4 16. Ne1 f5 17. g5 h5 18. Nb5 Bd7 19. Na3 Re8 20. c3 Nc6 21. Nac2 b6 22. Bd2 Na5 23. Ra3 c4 24. bxc4 dxc4 25. d4 Bf8 26. Ra2 Nb3 27. Be3 Bc6 28. Kf2 a5 29. Nf3 Bxf3 30. Kxf3 Re4 31. Kg3 Rae8 32. Rf3 Kf7 33. Kf2 Nc1 34. Bxc1 Re2+ 35. Kf1 Rxc2 36. Be3 Bd6 37. Ra4 Rxb2 38. Rxc4 Rb1+ 39. Kg2 Ke6 40. Ra4 Rb3 41. Bf2 Kd7 42. c4 Rb4 43. Rxb4 Bxb4 44. c5 bxc5 45. dxc5 Kc6 46. Rd3 Re6 47. Rd8 Kc7 48. Rf8 Rc6 49. Rf7+ Kc8 50. Rf6 Kb7 51. Rf7+ Ka6 52. Rf8 a4 53. Bd4 Kb5 54. Rb8+ Kc4 55. Be5 Bxc5 56. Rg8 a3 57. Kf3 Kb3 58. Ke2 a2 59. Kd3 Rb6 60. Rc8 Bb4 61. Ra8 Rb5 62. Bd4 Ba3 63. Be5 Bb2 64. Bf6 Rb6 65. Ra7 Rd6+ 66. Ke2 a1Q 67. Rxa1 Bxa1 68. Bxa1 Kc2 69. Be5 Rd3 70. Kf2 Rxh3 71. Kg2 Rb3 0-1

[Event "Goodricke op 11th"]
[Site "Kolkata"]
[Date "2000.02.06"]
[Round "1"]
[White "Chandanani, Girish"]
[Black "Joshi, GB."]
[Result "0-1"]
[WhiteElo "2153"]
[BlackElo "2306"]
[PlyCount "55"]
[EventDate "2000.02.05"]
[EventType "swiss"]
[EventRounds "11"]
[EventCountry "IND"]
[SourceTitle "CBM 074 Extra"]
[Source "ChessBase"]
[SourceDate "2000.03.10"]
[SourceVersion "2"]
[SourceVersionDate "2000.03.10"]
[SourceQuality "1"]

1. e4 e5 2. Nf3 Nc6 3. d4 exd4 4. Nxd4 Bc5 5. Be3 Qf6 6. c3 Nge7 7. Bc4 Ne5 8. Be2 Qg6 9. 0-0 d6 10. Bh5 Qxe4 11. Nd2 Qh4 12. Nb5 Bxe3 13. fxe3 Kd8 14. Rf4 Qg5 15. Ne4 Qh6 16. Nbxd6 cxd6 17. Nxd6 Kc7 18. Nb5+ Kb8 19. Rd4 a6 20. Nd6 N7c6 21. Rd5 Be6 22. Qb3 Qxe3+ 23. Kh1 Na5 24. Qb4 Bxd5 25. Nf5 Qd2 26. Qd6+ Ka7 27. Bf3 Nxf3 28. b4 0-1